Responses for Show #4029 - Thursday, February 21, 2002

Contestants

[<< previous game]

Roger Christensen, a registered nurse and pre-med student from Los Angeles, California

Karin Heckl, a graphic artist from Atlanta, Georgia

Alex Boisvert, a graduate student from Los Angeles, California (whose 3-day cash winnings total $47,400)

[next game >>]

Jeopardy! Round responses

THE 18th CENTURY
HANDWEAR
ACT UP
AT YOUR LEISURE
SHAKESPEAREAN CHARACTERS
FRUIT
    $200 1
Louis

Alex
    $200 24
kid gloves

Karin
    $200 16
Leonard Nimoy

Karin
    $200 21
Batman

Alex
    $200 11
Ophelia

Alex
    $200 6
lemon

Alex
    $400 2
Brazil

Alex
    $400 25
(Alex Trebek: [after saying [*] instead of "kittens"] Every year, folks, I do it once or twice, okay?)
[Laughter]

mittens

Triple Stumper
    $400 17
Whoopi Goldberg

Roger
    $400 22
whittle

Alex
    $400 12
(Karin: Who is Othello?)

Macbeth

AlexKarin
    $400 7
pineapple

Triple Stumper
    $1,000 3
oxygen

Alex
    $600 26
a muff

Karin
    $600 18
Brad Pitt

Alex
    $600 23
ceramics (pottery)

Karin
    $600 13
Puck

Alex
    $600 8
plum

Alex
    $800 4
(Roger: What is [*]?)
(Alex Boisvert: What is sangria?)
[Roger's response was later ruled acceptable and Alex Boisvert's incorrect response was treated as if it did not happen.]

port (*sherry)

Roger
    $800 27
boxing gloves

Roger
    $800 19
Al Pacino

Roger
    $800 28
crochet

Karin
    $800 14
Iago

Alex
    $800 9
bananas

Triple Stumper
    $1000 5
(Roger: What is Germany?)

Austria

AlexRoger
    $1000 30
gauntlet

Alex
    $1000 20
Burl Ives

Roger
    $1000 29
(Karin: What is pinochle?)

canasta

AlexKarin
    $1000 15
Paris

Roger
    $1000 10
raspberry

Roger

Scores at the first commercial break (after clue 15):

Alex Karin Roger
$5,400 -$400 $1,800

Scores at the end of the Jeopardy! Round:

Alex Karin Roger
$8,600 $1,000 $4,800

Double Jeopardy! Round responses

LET'S PLAY THE FEUD
COME ON DOWN!
SAY THE MAGIC "WORD"
THE TRIBE HAS SPOKEN
YOU ARE THE WEAKEST LINK
GOODBYE
    $400 6
Hatfields & McCoys

Karin
    $400 15
Humpty-Dumpty

Alex
    $400 9
(Karin: What is a [*] puzzle?)

crossword

Karin
    $400 26
(Karin: What is Georgia?)
(Alex Boisvert: What is Alabama?)

Oklahoma

AlexKarin
Triple Stumper
    $400 20
Pulitzer

Alex
    $400 1
Princess Diana

Karin
    $800 7
Ann Landers & Dear Abby (Abigail Van Buren)

Roger
    $800 16
green pastures

Karin
    $800 10
(Karin: What is the grapevine?)

word-of-mouth

Karin
Triple Stumper
    $800 21
Elvis Presley

Karin
    $800 2
(Alex Boisvert: Who is Indira Gandhi?)

Mother Teresa

AlexRoger
    $1200 8
Jerry Falwell

Karin
    $1200 17
(Alex Boisvert: What is tumbling?)
(Karin: What is a downward spiral?)

free fall

AlexKarin
Triple Stumper
    $1200 11
Wordsworth

Karin
    $1,000 22
(Karin: No idea.)

Secretary of State

Karin
    $1200 3
(Pierre) Trudeau

Roger
    $1600 14
Truman Capote

Karin
    $1600 18
Skylab

Karin
    $1600 12
Password

Roger
    $1600 27
(Karin: What is snow?)
...
[The end of the round signal sounds.]

the sun

Karin
Triple Stumper
    $1600 23
(Alex Trebek: We have less than a minute to go now.)

Chicago Cubs

Roger
    $3,500 4
Barry Goldwater

Roger
    $2000 25
Naipaul

Roger
    $2000 19
(Roger: Who are Hope and Crosby?)

Ginger Rogers and Fred Astaire

Roger
Triple Stumper
    $2000 13
word association

Roger
    $2000 24
(Roger: What is the Confederate Army?)

Army of the Potomac

Roger
Triple Stumper
    $2000 5
King Hussein

Alex

Scores at the end of the Double Jeopardy! Round:

Alex Karin Roger
$9,000 $4,400 $14,300

[wagering suggestions for these scores]

Final Jeopardy! Round responses

FAMOUS NAMES
KarinWho is Jung
$4,399
AlexWho is Jung?
$1,600
RogerWho is Jung?
$4,000
Hermann Rorschach

Final scores:

Alex Karin Roger
$7,400 $1 $10,300
2nd place: trip to Puerto Rico & stay at Hyatt Dorado 3rd place: trip to Rancho Mirage, California & stay at Marriott's Rancho Las Palmas New champion: $10,300

Game dynamics:

Coryat scores:

Alex Karin Roger
$8,600 $5,400 $12,400
18 R
(including 1 DD),
3 W
14 R,
7 W
(including 1 DD)
15 R
(including 1 DD),
3 W

Combined Coryat: $26,400

[game clues] [game scores] [suggest correction]

Game tape date: 2001-11-27
The J! Archive is created by fans, for fans. Scraping, republication, monetization, and malicious use prohibited; this site may use cookies and collect identifying information. See terms. The Jeopardy! game show and all elements thereof, including but not limited to copyright and trademark thereto, are the property of Jeopardy Productions, Inc. and are protected under law. This website is not affiliated with, sponsored by, or operated by Jeopardy Productions, Inc. Join the discussion at JBoard.tv.